Statistics for Election of 1880 Trivia

Click here to take the quiz!

General Stats

  • This quiz has been taken 11 times
  • The average score is 7 of 21

Answer Stats

HintAnswer% Correct
Their partyDemocrat
100%
Their partyRepublican
100%
VictorJames Garfield
83%
Their home stateOhio
83%
Their running mateChester Arthur
67%
State that the Democrats shockingly won despite vote splitting in the republican's favorVirginia
50%
OpponentWinfield Hancock
50%
State with the smallest margin (0.06)California
33%
Their partyGreen Back
33%
State with the largest margin (41.79)Vermont
33%
Policy that the Republicans used to convince northerners not to vote Democratic and blaming them for the Civil WarWaving a Bloody Shirt
33%
Who assassinated the victor a few months after the electionCharles Guiteau
17%
Major issue revolving around how the US Dollar should workGold Standard
17%
Their home statePennsylvania
17%
Their running mateWilliam English
17%
Their running mateBarzillai Chambers
0%
Before the assassin got into politics, he lived in a free love commune in New York. However no one there liked him and they called him _______ ___ ___ (Hint: a pun based on his last name)Charles Get Out
0%
The victor was assassinated over not giving the assassin one of two jobs he wanted. Name eitherConsular to Paris / Consular to Austria
0%
Their home stateIowa
0%
3rd place candidateJames B Weaver
0%
Other major third partyProhibition
0%

Score Distribution

Percentile by Number Answered

Percent of People with Each Score

Your Score History

You have not taken this quiz